Countries that border Countries who border China - Statistics

General Stats
  • This quiz has been taken 6 times
  • The average score is 15 of 18
Answer Stats
Answer % Correct
Cambodia
100%
Iran
100%
Thailand
100%
Turkmenistan
100%
Uzbekistan
100%
Bangladesh
83%
Belarus
83%
Estonia
83%
Finland
83%
Georgia
83%
Latvia
83%
Norway
83%
South Korea
83%
Ukraine
83%
Azerbaijan
67%
Lithuania
67%
Poland
67%
Afghanistan
50%
No matching quizzes found
Score Distribution
Percent of People with Each Score
Percentile by Number Answered
Your Score History
You have not taken this quiz